[Event "Hessen Senioren-ch 2012  8th"]
[Site "Bad Sooden-Adf. (14.4.-22.4)"]
[Date "2012.04.20"]
[Round "7.12"]
[White "Hassenrueck, Helmut"]
[Black "Peleikis, Horst"]
[Result "1/2-1/2"]
[WhiteElo "2151"]
[BlackElo "1973"]
[PlyCount "67"]
[EventDate "2012.04.??"]
[EventType "swiss"]
[EventRounds "9"]
[EventCountry "GER"]
[WhiteTeam "Gladbeck 19/23 SG"]
[BlackTeam "Lister Turm SK"]

1. d4 Nf6 2. Nf3 e6 3. c4 c5 4. e3 g6 5. Nc3 Bg7 6. e4 cxd4 7. Nxd4 O-O 8. Be2
a6 9. O-O Nc6 10. Be3 d5 11. Nxc6 bxc6 12. e5 Nd7 13. f4 f6 14. cxd5 cxd5 15.
Nxd5 Bb7 16. Nxf6+ Nxf6 17. exf6 Qxf6 18. Rf2 Rfd8 19. Qf1 Rd6 20. Rc1 Qd8 21.
b4 Bb2 22. Rb1 Bc3 23. Bc5 Bd4 24. Bxd4 Rxd4 25. Bg4 Bd5 26. a3 Qb6 27. Kh1 Rf8
28. Rc1 Qd6 29. h3 Rdxf4 30. Rxf4 Qxf4 31. Qxf4 Rxf4 32. Kg1 Rd4 33. Rc2 Rd3
34. a4 1/2-1/2

[Event "Hessen Senioren-ch 2012  8th"]
[Site "Bad Sooden-Adf. (14.4.-22.4)"]
[Date "2012.04.20"]
[Round "7.13"]
[White "Pape, Manfred(43)"]
[Black "Rychlik, Kurt"]
[Result "1-0"]
[WhiteElo "2098"]
[BlackElo "1942"]
[PlyCount "51"]
[EventDate "2012.04.??"]
[EventType "swiss"]
[EventRounds "9"]
[EventCountry "GER"]
[WhiteTeam "Bad Harzburg SK"]
[BlackTeam "Berenbostel SV"]

1. Nf3 d5 2. g3 Nf6 3. Bg2 c6 4. d3 Nbd7 5. O-O e5 6. c4 Bd6 7. cxd5 Nxd5 8.
Nc3 Nxc3 9. bxc3 O-O 10. a4 Qe7 11. a5 Rb8 12. Nd2 Nc5 13. Nc4 Ne6 14. Be3 c5
15. Qb3 Bd7 16. Rfb1 Bc6 17. Bxc6 bxc6 18. Qa4 Qc7 19. a6 Qd7 20. Rb7 Rxb7 21.
axb7 Bb8 22. Na5 Nd8 23. Bxc5 Re8 24. Be3 Nxb7 25. Qxc6 Re7 26. Rb1 1-0

[Event "Hessen Senioren-ch 2012  8th"]
[Site "Bad Sooden-Adf. (14.4.-22.4)"]
[Date "2012.04.20"]
[Round "7.15"]
[White "Lippmann, Ulrich"]
[Black "Krebs, Dietmar(44)"]
[Result "1/2-1/2"]
[WhiteElo "1890"]
[BlackElo "1950"]
[PlyCount "35"]
[EventDate "2012.04.??"]
[EventType "swiss"]
[EventRounds "9"]
[EventCountry "GER"]
[WhiteTeam "Papenburg SC"]
[BlackTeam "Kölner Dr. Lasker SK"]

1. Nf3 g6 2. b3 Bg7 3. d4 c5 4. Bb2 cxd4 5. Bxd4 Nf6 6. Nbd2 O-O 7. e3 Nc6 8.
Bb2 d6 9. Be2 b6 10. O-O Bb7 11. Nd4 Rc8 12. Bf3 Qd7 13. Nxc6 Bxc6 14. c4 Rfd8
15. Rc1 e6 16. Bxc6 Qxc6 17. Qf3 Qxf3 18. Nxf3 1/2-1/2

[Event "Hessen Senioren-ch 2012  8th"]
[Site "Bad Sooden-Adf. (14.4.-22.4)"]
[Date "2012.04.20"]
[Round "7.16"]
[White "Lenk, Wolfgang"]
[Black "Kaufmann, Helmut(33)"]
[Result "1-0"]
[WhiteElo "2022"]
[BlackElo "1897"]
[PlyCount "103"]
[EventDate "2012.04.??"]
[EventType "swiss"]
[EventRounds "9"]
[EventCountry "GER"]
[WhiteTeam "Dresden TU USV"]
[BlackTeam "Eutingen SK"]

1. e4 g6 2. d4 Bg7 3. f4 d5 4. e5 h5 5. Nf3 Nh6 6. Be3 Bf5 7. Bd3 e6 8. Bf2 Bf8
9. Nc3 Be7 10. Qe2 Nd7 11. Bxf5 Nxf5 12. O-O O-O 13. Nd1 a6 14. Ne3 Nxe3 15.
Bxe3 Kg7 16. h3 h4 17. Rad1 Rh8 18. c4 Nb6 19. c5 Nc8 20. b4 c6 21. Nd2 Qd7 22.
Nb3 Bd8 23. a4 Ne7 24. Bf2 Nf5 25. Ra1 Be7 26. Nd2 Rhb8 27. Rfb1 b5 28. axb5
axb5 29. Nf3 Qb7 30. Qe1 Rxa1 31. Rxa1 Ra8 32. Kh2 Ra6 33. Rb1 Qa8 34. Nxh4
Bxh4 35. Bxh4 Nxd4 36. Bf6+ Kf8 37. Qh4 Ke8 38. Qh7 Kd7 39. Qxf7+ Kc8 40. Qe8+
Kc7 41. Qf7+ Kb8 42. Rd1 Nc2 43. Qxe6 Qb7 44. Bd8 Ne3 45. Qxg6 Qc8 46. Bg5 Nxd1
47. e6 Ra7 48. e7 Rxe7 49. Bxe7 Qd7 50. Bd6+ Kb7 51. Qg8 Qc8 52. Qg7+ 1-0

[Event "Hessen Senioren-ch 2012  8th"]
[Site "Bad Sooden-Adf. (14.4.-22.4)"]
[Date "2012.04.20"]
[Round "7.17"]
[White "Arp, Frans"]
[Black "Kotlar, Alfred"]
[Result "1/2-1/2"]
[WhiteElo "1833"]
[BlackElo "1825"]
[PlyCount "62"]
[EventDate "2012.04.??"]
[EventType "swiss"]
[EventRounds "9"]
[EventCountry "GER"]
[WhiteTeam "NED/Haarlem"]
[BlackTeam "Recklinghausen 06 SK"]
[WhiteTeamCountry "NED"]

1. e4 g6 2. d4 Bg7 3. Nc3 d6 4. Be3 a6 5. Be2 b5 6. h4 h5 7. Nh3 Bb7 8. a3 Nd7
9. Ng5 e5 10. d5 Ngf6 11. O-O Nh7 12. f4 exf4 13. Bxf4 Nxg5 14. Bxg5 f6 15. Be3
Ne5 16. Bd4 Qe7 17. Qe1 Bc8 18. Qg3 g5 19. Bxe5 dxe5 20. hxg5 fxg5 21. Rf2 g4
22. d6 Qxd6 23. Rd1 h4 24. Qd3 Qxd3 25. Bxd3 Be6 26. Nd5 O-O-O 27. Ne7+ Kb7 28.
Nf5 Rxd3 29. cxd3 Bf8 30. Rff1 g3 31. Rc1 Kb6 1/2-1/2

[Event "Hessen Senioren-ch 2012  8th"]
[Site "Bad Sooden-Adf. (14.4.-22.4)"]
[Date "2012.04.20"]
[Round "7.18"]
[White "Papapostolou, Christos"]
[Black "Hampel, Johannes"]
[Result "1/2-1/2"]
[WhiteElo "1933"]
[BlackElo "1950"]
[PlyCount "94"]
[EventDate "2012.04.??"]
[EventType "swiss"]
[EventRounds "9"]
[EventCountry "GER"]
[WhiteTeam "Bad Sooden-Allendorf SK"]
[BlackTeam "Dresden-Leuben SV"]

1. d4 d5 2. c4 e6 3. Nc3 Nf6 4. Nf3 Be7 5. e3 O-O 6. Qc2 c5 7. a3 b6 8. cxd5
exd5 9. Bd2 Nc6 10. Bb5 Bb7 11. O-O a6 12. Bxc6 Bxc6 13. Ne5 Bb7 14. Rac1 Bd6
15. f4 Ne4 16. Nxe4 dxe4 17. Nc4 cxd4 18. Nxd6 Qxd6 19. Bb4 Qd5 20. Bxf8 Kxf8
21. Qc4 d3 22. Rfd1 Qxc4 23. Rxc4 Rc8 24. Rxc8+ Bxc8 25. Kf2 Bg4 26. Rd2 Be6
27. Ke1 a5 28. Rf2 f5 29. Kd2 Ke7 30. Kc3 Kd6 31. Kd4 h5 32. g3 Bb3 33. Kc3 a4
34. h3 Kc5 35. g4 hxg4 36. hxg4 fxg4 37. f5 Kd6 38. Rg2 Ke5 39. Rxg4 Kxf5 40.
Rxg7 b5 41. Kd2 Kf6 42. Rh7 Bc2 43. Rh8 Kf5 44. Rh5+ Kf6 45. Rc5 Ke6 46. Rxb5
Kd6 47. Rh5 Ke6 1/2-1/2

[Event "Hessen Senioren-ch 2012  8th"]
[Site "Bad Sooden-Adf. (14.4.-22.4)"]
[Date "2012.04.20"]
[Round "7.19"]
[White "Gousseinov, Aguif"]
[Black "Kalix, Wolfgang"]
[Result "1-0"]
[WhiteElo "1935"]
[BlackElo "1891"]
[PlyCount "120"]
[EventDate "2012.04.??"]
[EventType "swiss"]
[EventRounds "9"]
[EventCountry "GER"]
[WhiteTeam "FRA/Paris"]
[BlackTeam "Konstanz SVG"]
[WhiteTeamCountry "FRA"]

1. e4 e5 2. Nf3 Nc6 3. Bc4 d6 4. c3 Bg4 5. Qb3 Qd7 6. Bxf7+ Qxf7 7. Qxb7 Kd7 8.
Nxe5+ Nxe5 9. Qb5+ Kd8 10. d4 Qc4 11. Qxc4 Nxc4 12. f3 Bd7 13. b3 Nb6 14. Kf2
a5 15. Be3 Be7 16. Nd2 Nf6 17. c4 Rf8 18. h3 Nh5 19. g3 Nc8 20. Rhe1 g5 21. Kg2
Nf4+ 22. gxf4 gxf4 23. Bf2 Rf6 24. Rh1 Rh6 25. h4 Bf6 26. Rae1 Rh5 27. Kf1 Ne7
28. Ke2 Ng6 29. Kd3 c6 30. Rh2 Kc7 31. Nb1 Re8 32. Nc3 Ne7 33. Rg1 Rg8 34. Rxg8
Nxg8 35. Ne2 Rh6 36. Nxf4 Ne7 37. Be1 Kb6 38. Bg3 d5 39. cxd5 cxd5 40. a4 Bc6
41. Rh1 dxe4+ 42. fxe4 Ng6 43. Ng2 Be7 44. d5 Bb7 45. Ne3 Ba6+ 46. Nc4+ Bxc4+
47. bxc4 Nxh4 48. Rb1+ Ka6 49. Bf2 Nf3 50. c5 Ne5+ 51. Kd4 Bxc5+ 52. Kxc5 Nd3+
53. Kd4 Nxf2 54. e5 Rh4+ 55. Kc5 Ne4+ 56. Kc6 Nc3 57. Rb6+ Ka7 58. Rb7+ Ka8 59.
Rf7 Rc4+ 60. Kd6 Ne4+ 1-0

[Event "Hessen Senioren-ch 2012  8th"]
[Site "Bad Sooden-Adf. (14.4.-22.4)"]
[Date "2012.04.20"]
[Round "7.20"]
[White "Krotofil, Kurt"]
[Black "Kahn, Peter"]
[Result "1/2-1/2"]
[WhiteElo "1880"]
[BlackElo "1952"]
[PlyCount "46"]
[EventDate "2012.04.??"]
[EventType "swiss"]
[EventRounds "9"]
[EventCountry "GER"]
[WhiteTeam "Hamburg Niendorfer TSV"]
[BlackTeam "Siebenlehner SV"]

1. d4 d5 2. c4 e6 3. Nc3 Nf6 4. Nf3 Nbd7 5. Bg5 Be7 6. e3 O-O 7. Bd3 dxc4 8.
Bxc4 h6 9. Bh4 b6 10. O-O Bb7 11. Bd3 c5 12. Rc1 Rc8 13. Qe2 cxd4 14. Nxd4 Nc5
15. Bc4 Nfe4 16. Bxe7 Qxe7 17. Nxe4 Nxe4 18. Ba6 Nf6 19. Bxb7 Qxb7 20. Qf3 Qxf3
21. Nxf3 Rfd8 22. Rfe1 Kf8 23. Kf1 Ke8 1/2-1/2

[Event "Hessen Senioren-ch 2012  8th"]
[Site "Bad Sooden-Adf. (14.4.-22.4)"]
[Date "2012.04.20"]
[Round "7.21"]
[White "Petzold, Hans ProfDr"]
[Black "Busic, Nedjeljko"]
[Result "1-0"]
[WhiteElo "1996"]
[BlackElo "1883"]
[PlyCount "105"]
[EventDate "2012.04.??"]
[EventType "swiss"]
[EventRounds "9"]
[EventCountry "GER"]
[WhiteTeam "Dresden TU USV"]
[BlackTeam "Bad Nauheim SC"]

1. e4 d6 2. d4 g6 3. Nc3 Bg7 4. Be3 Nf6 5. f3 Nbd7 6. Qd2 c5 7. Bb5 cxd4 8.
Bxd4 a6 9. Bxd7+ Bxd7 10. Nge2 O-O 11. g4 Qa5 12. h4 h5 13. g5 Ne8 14. O-O-O
Rc8 15. Kb1 Be6 16. Nd5 Qd8 17. Nec3 b5 18. Rhf1 Rc4 19. Bxg7 Nxg7 20. Ne3 Rc5
21. f4 Qc8 22. Ncd5 Qb7 23. f5 gxf5 24. exf5 Rxd5 25. Nxd5 Nxf5 26. Nf4 Ng3 27.
Rg1 Ne4 28. Qe3 Bg4 29. Rde1 Bf5 30. g6 Rc8 31. gxf7+ Kxf7 32. Rc1 b4 33. Qb3+
e6 34. Ka1 Nf6 35. Rgf1 d5 36. Nh3 Qb5 37. Ng5+ Ke7 38. Rfe1 Rc4 39. Nf3 Qc5
40. Ne5 Re4 41. Nd3 Qc4 42. Rxe4 Qxe4 43. Nxb4 Qxh4 44. Nxa6 Ne4 45. Qb7+ Kf6
46. Rg1 Bg4 47. Qc7 Qf2 48. Rc1 h4 49. c4 Qd2 50. cxd5 h3 51. Rf1+ Bf5 52. dxe6
Qe2 53. Qf7+ 1-0

[Event "Hessen Senioren-ch 2012  8th"]
[Site "Bad Sooden-Adf. (14.4.-22.4)"]
[Date "2012.04.20"]
[Round "7.22"]
[White "Thieme, Hans(08.33)"]
[Black "Van Dongen, Rob"]
[Result "1-0"]
[WhiteElo "1959"]
[BlackElo "1834"]
[PlyCount "29"]
[EventDate "2012.04.??"]
[EventType "swiss"]
[EventRounds "9"]
[EventCountry "GER"]
[WhiteTeam "Oberursel SV"]
[BlackTeam "NED/Amsterdam VAS"]
[BlackTeamCountry "NED"]

1. e4 e6 2. d4 d5 3. Nc3 dxe4 4. Nxe4 Nd7 5. Nf3 Ngf6 6. Nxf6+ Nxf6 7. Bd3 b6
8. Ne5 Bb7 9. c3 Qd5 10. f3 c6 11. Qe2 Be7 12. Bc4 Qd8 13. Nxf7 Kxf7 14. Qxe6+
Ke8 15. Qf7+ 1-0

[Event "Hessen Senioren-ch 2012  8th"]
[Site "Bad Sooden-Adf. (14.4.-22.4)"]
[Date "2012.04.20"]
[Round "7.23"]
[White "Oldach, Ehrenfried"]
[Black "Niebuhr, Gerd"]
[Result "1/2-1/2"]
[WhiteElo "1872"]
[BlackElo "1954"]
[PlyCount "30"]
[EventDate "2012.04.??"]
[EventType "swiss"]
[EventRounds "9"]
[EventCountry "GER"]
[WhiteTeam "Warnemünde SF"]
[BlackTeam "Wedemark Freibauer"]

1. e4 e5 2. Nf3 Nc6 3. Bb5 a6 4. Ba4 Nf6 5. Qe2 b5 6. Bb3 Bc5 7. a4 Bb7 8. O-O
O-O 9. axb5 axb5 10. Rxa8 Qxa8 11. d3 d6 12. Be3 Qa7 13. Nc3 Qb6 14. Nd5 Nxd5
15. Bxd5 Nd4 1/2-1/2

[Event "Hessen Senioren-ch 2012  8th"]
[Site "Bad Sooden-Adf. (14.4.-22.4)"]
[Date "2012.04.20"]
[Round "7.24"]
[White "Haselhorst, Helmut"]
[Black "Ripoll, Luis"]
[Result "1-0"]
[WhiteElo "1984"]
[BlackElo "1813"]
[PlyCount "72"]
[EventDate "2012.04.??"]
[EventType "swiss"]
[EventRounds "9"]
[EventCountry "GER"]
[WhiteTeam "Ost/Westbevern SK"]
[BlackTeam "Lister Turm SK"]

1. d4 Nf6 2. Nf3 g6 3. c4 d6 4. h3 Bg7 5. Bf4 h6 6. Nc3 O-O 7. e3 c6 8. Be2 Na6
9. O-O Nc7 10. b4 g5 11. Bh2 Bf5 12. Qb3 Be6 13. Qc2 d5 14. c5 Qc8 15. a4 Bf5
16. Bd3 Bxd3 17. Qxd3 e6 18. b5 a6 19. bxc6 bxc6 20. Ne5 Nce8 21. Rab1 Nd7 22.
Nxd7 Qxd7 23. Rb6 a5 24. Rfb1 Ra7 25. Ra6 Rxa6 26. Qxa6 e5 27. Bxe5 Bxe5 28.
dxe5 Qf5 29. Qxc6 Qc2 30. Rb8 Qxc3 31. Rxe8 Qe1+ 32. Kh2 Qxf2 33. Rxf8+ Kxf8
34. Qxh6+ Ke8 35. Qxg5 Kf8 36. h4 d4 1-0

[Event "Hessen Senioren-ch 2012  8th"]
[Site "Bad Sooden-Adf. (14.4.-22.4)"]
[Date "2012.04.20"]
[Round "7.25"]
[White "Gudat, Alfons"]
[Black "Biller, Helmut Dr"]
[Result "0-1"]
[WhiteElo "1843"]
[BlackElo "1975"]
[PlyCount "72"]
[EventDate "2012.04.??"]
[EventType "swiss"]
[EventRounds "9"]
[EventCountry "GER"]
[WhiteTeam "Oldenburg SK"]
[BlackTeam "Frankfurt 1921 Sfr."]

1. Nf3 Nf6 2. d4 e6 3. c4 b6 4. Nc3 Bb7 5. g3 Bb4 6. Bg2 O-O 7. O-O c5 8. Qb3
Nc6 9. a3 Na5 10. Qa2 Bxc3 11. bxc3 Rc8 12. Bf4 cxd4 13. cxd4 Nxc4 14. a4 Be4
15. Rfc1 d5 16. Ne5 Bxg2 17. Kxg2 Nxe5 18. Bxe5 Qd7 19. a5 b5 20. a6 Rc4 21.
Rcb1 Ne4 22. Qa5 Nc3 23. Rb3 Rfc8 24. Bf4 Nxe2 25. Rxb5 Nxf4+ 26. gxf4 Qd6 27.
Qd2 R4c6 28. Rb7 Rxa6 29. Rxa6 Qxa6 30. Qb4 h6 31. Qe7 Rf8 32. Rxa7 Qd3 33. Qc5
Qe4+ 34. Kg3 Rb8 35. Ra3 Rb1 36. h3 Rg1+ 0-1

[Event "Hessen Senioren-ch 2012  8th"]
[Site "Bad Sooden-Adf. (14.4.-22.4)"]
[Date "2012.04.20"]
[Round "7.26"]
[White "Kempen, Willi"]
[Black "Kopp, Peter Dr(46)"]
[Result "1/2-1/2"]
[WhiteElo "1855"]
[BlackElo "1955"]
[PlyCount "38"]
[EventDate "2012.04.??"]
[EventType "swiss"]
[EventRounds "9"]
[EventCountry "GER"]
[WhiteTeam "Rheydter SV"]
[BlackTeam "Hofheim 1920 SV"]

1. e4 c6 2. d4 d5 3. e5 c5 4. c3 Nc6 5. Nf3 Bg4 6. Bb5 Bxf3 7. Qxf3 e6 8. O-O
Qb6 9. Bxc6+ bxc6 10. Rd1 cxd4 11. cxd4 Ne7 12. b3 Nf5 13. Bb2 Be7 14. Qd3 c5
15. dxc5 Bxc5 16. Rf1 O-O 17. Nc3 Rfc8 18. Nxd5 exd5 19. Qxf5 Qe6 1/2-1/2

[Event "Hessen Senioren-ch 2012  8th"]
[Site "Bad Sooden-Adf. (14.4.-22.4)"]
[Date "2012.04.20"]
[Round "7.27"]
[White "Heinzel, Peter"]
[Black "Geisler, Reinhard"]
[Result "1-0"]
[WhiteElo "1907"]
[BlackElo "1709"]
[PlyCount "85"]
[EventDate "2012.04.??"]
[EventType "swiss"]
[EventRounds "9"]
[EventCountry "GER"]
[WhiteTeam "Mülheim 08/25 SV"]
[BlackTeam "Werther 1949 SK"]

1. Nf3 Nf6 2. c4 e6 3. Nc3 d5 4. e3 c5 5. d4 Nc6 6. cxd5 exd5 7. Bb5 Bd6 8.
dxc5 Bxc5 9. O-O O-O 10. h3 a6 11. Bxc6 bxc6 12. b3 Qe7 13. Qc2 Bd7 14. Bb2 h6
15. Na4 Ba7 16. Rac1 Ne4 17. Ne5 Rac8 18. Nxd7 Qxd7 19. Qe2 Qd6 20. Qg4 f6 21.
Rc2 Rc7 22. Rd1 h5 23. Qf4 Qxf4 24. exf4 Rcc8 25. Kf1 g5 26. Ba3 Rfe8 27. fxg5
fxg5 28. Nc5 a5 29. Rdc1 Nxc5 30. Bxc5 Bb8 31. Bb6 Bf4 32. Rd1 a4 33. bxa4 Kf7
34. g3 Bd6 35. a5 Ke6 36. Re1+ Kd7 37. Rxe8 Rxe8 38. a6 Bc7 39. Bd4 Re4 40. a7
Re8 41. Rb2 Ra8 42. Bc5 Bd6 43. Be3 1-0

[Event "Hessen Senioren-ch 2012  8th"]
[Site "Bad Sooden-Adf. (14.4.-22.4)"]
[Date "2012.04.20"]
[Round "7.28"]
[White "Schwertel, Johann"]
[Black "Van Geffen, Ben"]
[Result "1/2-1/2"]
[WhiteElo "1895"]
[BlackElo "1907"]
[PlyCount "58"]
[EventDate "2012.04.??"]
[EventType "swiss"]
[EventRounds "9"]
[EventCountry "GER"]
[WhiteTeam "Koblenz 03/25 SV"]
[BlackTeam "NED/Messemaker"]
[BlackTeamCountry "NED"]

1. d4 Nf6 2. Nf3 b6 3. g3 Bb7 4. Bg2 e6 5. O-O Be7 6. Ne5 Bxg2 7. Kxg2 O-O 8.
c3 c5 9. e3 d5 10. Nd2 Nfd7 11. Ndf3 Bf6 12. Nd3 Nc6 13. Qa4 Qc7 14. Qd1 Rad8
15. Nf4 Qd6 16. h4 e5 17. dxe5 Ndxe5 18. Nd3 Nxf3 19. Qxf3 Ne5 20. Nxe5 Qxe5
21. Bd2 Qe4 22. Rad1 Qa4 23. a3 Qc4 24. Rfe1 Rfe8 25. Bc1 h6 26. Qe2 Qe4+ 27.
Qf3 Qc4 28. Qe2 Qe4+ 29. Qf3 Qc4 1/2-1/2

[Event "Hessen Senioren-ch 2012  8th"]
[Site "Bad Sooden-Adf. (14.4.-22.4)"]
[Date "2012.04.20"]
[Round "7.29"]
[White "Van den Berg, Ad"]
[Black "Fleischer, Martin"]
[Result "1-0"]
[WhiteElo "1998"]
[BlackElo "1758"]
[PlyCount "59"]
[EventDate "2012.04.??"]
[EventType "swiss"]
[EventRounds "9"]
[EventCountry "GER"]
[WhiteTeam "NED/Philidor Leiden"]
[BlackTeam "Schwerin Einheit SV"]
[WhiteTeamCountry "NED"]

1. e4 e6 2. d4 d5 3. Nc3 Bb4 4. e5 c5 5. Qg4 g6 6. dxc5 Bxc5 7. Nf3 Be7 8. Bd3
Nc6 9. a3 a6 10. O-O b5 11. Re1 Qc7 12. Bg5 Bxg5 13. Qxg5 Qe7 14. Qf4 Ra7 15.
h4 h5 16. Ne2 Nh6 17. Ned4 Nxd4 18. Nxd4 Bd7 19. g3 Nf5 20. Bxf5 gxf5 21. Kh2
Rc7 22. b3 Qf8 23. Nxf5 Kd8 24. Nd6 Be8 25. Qf6+ Kd7 26. c4 bxc4 27. bxc4 Rh6
28. Qf4 Qg7 29. cxd5 exd5 30. Nf5 1-0

[Event "Hessen Senioren-ch 2012  8th"]
[Site "Bad Sooden-Adf. (14.4.-22.4)"]
[Date "2012.04.20"]
[Round "7.30"]
[White "Smits, Oswald"]
[Black "Schumacher, Gottfried"]
[Result "0-1"]
[WhiteElo "1726"]
[BlackElo "2080"]
[PlyCount "66"]
[EventDate "2012.04.??"]
[EventType "swiss"]
[EventRounds "9"]
[EventCountry "GER"]
[WhiteTeam "Königstein/Schwalbach Sfr."]
[BlackTeam "Bad Neuenahr SC"]

1. d4 Nf6 2. Nf3 e6 3. e3 c5 4. Bd3 d5 5. c3 Bd6 6. dxc5 Bxc5 7. Nbd2 O-O 8.
O-O Nc6 9. e4 e5 10. exd5 Nxd5 11. Ne4 Bb6 12. Qc2 Bg4 13. Neg5 h6 14. Nh7 Re8
15. h3 Bxf3 16. gxf3 Qh4 17. Bf5 Nce7 18. Bg4 Ng6 19. c4 Ndf4 20. Bxf4 Nxf4 21.
Kh2 Ng6 22. c5 Bc7 23. Qe4 Re7 24. Rg1 Kxh7 25. Rg2 Kh8 26. Bf5 Nf4 27. Rg3 Rd8
28. Qe3 b6 29. Rag1 Qf6 30. Be4 Nh5 31. Rg4 bxc5 32. b3 Rd4 33. Rg6 fxg6 0-1

[Event "Hessen Senioren-ch 2012  8th"]
[Site "Bad Sooden-Adf. (14.4.-22.4)"]
[Date "2012.04.20"]
[Round "7.31"]
[White "Etzold, Walter"]
[Black "Josting, Friedel"]
[Result "1/2-1/2"]
[WhiteElo "1995"]
[BlackElo "1785"]
[PlyCount "68"]
[EventDate "2012.04.??"]
[EventType "swiss"]
[EventRounds "9"]
[EventCountry "GER"]
[WhiteTeam "Langenberg(Gera) Elstertal SZ"]
[BlackTeam "Bünde 1945 SG"]

1. d4 Nf6 2. Nf3 e6 3. c4 b6 4. Nc3 Bb7 5. g3 Be7 6. Bg2 O-O 7. d5 exd5 8. cxd5
d6 9. Nd4 Re8 10. O-O a5 11. b3 g6 12. Bb2 Bf8 13. Qd2 Bg7 14. Rac1 Na6 15.
Rfe1 Ng4 16. h3 Bh6 17. e3 Nf6 18. Ndb5 Bg7 19. Na3 Nb4 20. e4 Nd7 21. Nc4 Nc5
22. Re3 Ba6 23. Bf1 Qd7 24. Rce1 Bxc4 25. bxc4 Re7 26. a3 Nba6 27. Qc2 Rae8 28.
Kh2 Nb8 29. h4 Qd8 30. Bh3 Nbd7 31. Kg2 Bd4 32. Nb5 Bxb2 33. Qxb2 Rxe4 34. Qd2
Rxe3 1/2-1/2

[Event "Hessen Senioren-ch 2012  8th"]
[Site "Bad Sooden-Adf. (14.4.-22.4)"]
[Date "2012.04.20"]
[Round "7.32"]
[White "Niebling, Ferdinand"]
[Black "Boehme, Erich"]
[Result "1-0"]
[WhiteElo "1998"]
[BlackElo "1740"]
[PlyCount "71"]
[EventDate "2012.04.??"]
[EventType "swiss"]
[EventRounds "9"]
[EventCountry "GER"]
[WhiteTeam "Frankfurt-West SC"]
[BlackTeam "Stadtallendorf SK"]

1. d4 Nf6 2. c4 e6 3. Nc3 d5 4. Nf3 b6 5. Bg5 Be7 6. e3 O-O 7. Qc2 Bb7 8. Bd3
h6 9. Bh4 Nbd7 10. O-O-O a6 11. Kb1 dxc4 12. Bxc4 b5 13. Bd3 Ne8 14. Bxe7 Qxe7
15. e4 c5 16. d5 e5 17. Qd2 Nd6 18. Ne2 c4 19. Bc2 a5 20. Ng3 Rfc8 21. Nf5 Nxf5
22. exf5 Qd6 23. Rhe1 f6 24. g4 b4 25. h4 Nc5 26. g5 c3 27. Qe3 hxg5 28. hxg5
e4 29. Nd4 Bxd5 30. Ne6 Nxe6 31. fxe6 Qxe6 32. Rxd5 Qxd5 33. Bb3 c2+ 34. Kc1
Rc4 35. Qxe4 Qxg5+ 36. f4 1-0

[Event "Hessen Senioren-ch 2012  8th"]
[Site "Bad Sooden-Adf. (14.4.-22.4)"]
[Date "2012.04.20"]
[Round "7.33"]
[White "Schneider, Alexander(52)"]
[Black "Aepfler, Gerhard"]
[Result "1-0"]
[WhiteElo "1981"]
[BlackElo "1673"]
[PlyCount "71"]
[EventDate "2012.04.??"]
[EventType "swiss"]
[EventRounds "9"]
[EventCountry "GER"]
[WhiteTeam "Wilhelmshavener SF"]
[BlackTeam "Apolda TSG"]

1. e4 Nc6 2. d4 d5 3. Nc3 dxe4 4. d5 Ne5 5. Nxe4 e6 6. Bb5+ c6 7. dxc6 Qxd1+ 8.
Kxd1 bxc6 9. Ba4 Bd7 10. f4 Ng4 11. h3 N4f6 12. Nxf6+ Nxf6 13. Be3 Nd5 14. Bd2
Bd6 15. g3 O-O 16. Nf3 Nb6 17. Bb3 c5 18. c4 Bc6 19. Ke2 e5 20. Rhd1 exf4 21.
gxf4 Rfe8+ 22. Kf2 f6 23. Be3 Bf8 24. Bc2 Kh8 25. b3 Rad8 26. Rxd8 Rxd8 27. Rd1
Rxd1 28. Bxd1 Bd7 29. h4 Bf5 30. Nd2 Nc8 31. Bf3 Bd6 32. Be4 Bd7 33. Bb7 f5 34.
Nf3 Ne7 35. Ne5 Be6 36. Nd3 1-0

[Event "Hessen Senioren-ch 2012  8th"]
[Site "Bad Sooden-Adf. (14.4.-22.4)"]
[Date "2012.04.20"]
[Round "7.34"]
[White "Romanow, Werner"]
[Black "Blosze, Winfried"]
[Result "1-0"]
[WhiteElo "1961"]
[BlackElo "1710"]
[PlyCount "79"]
[EventDate "2012.04.??"]
[EventType "swiss"]
[EventRounds "9"]
[EventCountry "GER"]
[WhiteTeam "Merseburg SV"]
[BlackTeam "Großauheim 1929 SV"]

1. c4 Nf6 2. g3 e6 3. Bg2 c5 4. Nf3 Nc6 5. O-O Be7 6. Nc3 d5 7. cxd5 Nxd5 8.
Nxd5 Qxd5 9. d3 Qd7 10. Bf4 Bf6 11. Rc1 Bxb2 12. Rxc5 O-O 13. Qb3 Bf6 14. Rfc1
Be7 15. R5c2 Bf6 16. Be3 Rb8 17. Nd2 Na5 18. Qa3 Qd8 19. Bxa7 Ra8 20. Qc5 Be7
21. Qe3 Ba3 22. Bb6 Qe8 23. Rxc8 Rxc8 24. Rxc8 Qxc8 25. Bxa5 Bc5 26. Qf4 b6 27.
Bb4 Rd8 28. Nb3 Bxb4 29. Qxb4 Qc7 30. Bf3 g6 31. Kg2 h5 32. h4 Kg7 33. Nd2 e5
34. Nc4 Rb8 35. Qb5 f6 36. a4 Kh6 37. Be4 g5 38. hxg5+ Kxg5 39. Qd5 f5 40. f4+
1-0

[Event "Hessen Senioren-ch 2012  8th"]
[Site "Bad Sooden-Adf. (14.4.-22.4)"]
[Date "2012.04.20"]
[Round "7.35"]
[White "Nagorni, Walter"]
[Black "Scholz, Werner(41)"]
[Result "1-0"]
[WhiteElo "1905"]
[BlackElo "1552"]
[PlyCount "67"]
[EventDate "2012.04.??"]
[EventType "swiss"]
[EventRounds "9"]
[EventCountry "GER"]
[WhiteTeam "Lister Turm SK"]
[BlackTeam "Eberswalde 1949 ESV"]

1. Nf3 g6 2. d4 Bg7 3. g3 Nf6 4. Bg2 O-O 5. c4 d6 6. O-O Bf5 7. Nc3 c6 8. Nh4
Be6 9. d5 cxd5 10. cxd5 Bd7 11. Be3 Na6 12. Rc1 Ng4 13. Bd4 Bxd4 14. Qxd4 Nf6
15. Nf3 Qa5 16. Rfd1 Nb4 17. a3 Na6 18. Qh4 Kg7 19. e4 Qb6 20. e5 Ng8 21. b4
Rae8 22. Ne4 f5 23. Neg5 h6 24. Ne6+ Bxe6 25. dxe6 dxe5 26. Nxe5 Qxe6 27. Nd7
g5 28. Qd4+ Nf6 29. Nxf8 Kxf8 30. Bxb7 Nb8 31. Qxa7 Nfd7 32. Qd4 Nf6 33. Re1
Qf7 34. b5 1-0

[Event "Hessen Senioren-ch 2012  8th"]
[Site "Bad Sooden-Adf. (14.4.-22.4)"]
[Date "2012.04.20"]
[Round "7.36"]
[White "Noble, Alexander"]
[Black "Zoll, Theo"]
[Result "1-0"]
[WhiteElo "1939"]
[BlackElo "1540"]
[PlyCount "97"]
[EventDate "2012.04.??"]
[EventType "swiss"]
[EventRounds "9"]
[EventCountry "GER"]
[WhiteTeam "Bad Nauheim SC"]
[BlackTeam "Göttingen Rot-Weiß ESV"]

1. e4 c5 2. Nc3 Nc6 3. f4 e6 4. g3 g6 5. Bg2 Bg7 6. Nf3 Nge7 7. O-O O-O 8. d3
f5 9. Be3 d6 10. Rb1 Rb8 11. e5 b6 12. d4 cxd4 13. Nxd4 Nxd4 14. Bxd4 Bb7 15.
Bxb7 Rxb7 16. exd6 Qxd6 17. Bxg7 Qxd1 18. Rbxd1 Kxg7 19. Rfe1 Kf7 20. Nb5 Nc8
21. c4 Re7 22. Re5 Kf6 23. Kf2 h5 24. b3 a6 25. Nc3 g5 26. Rde1 g4 27. b4 Rd8
28. Rd1 Red7 29. Rxd7 Rxd7 30. c5 Rd3 31. Re3 Rxe3 32. Kxe3 bxc5 33. bxc5 Ke7
34. Kd4 Na7 35. Ne2 Nc6+ 36. Kc4 Kf6 37. Nd4 Ne7 38. c6 e5 39. fxe5+ Kxe5 40.
c7 f4 41. Nc6+ Kd6 42. Nxe7 Kxc7 43. gxf4 Kd6 44. Nf5+ Kc6 45. Ne3 Kd6 46. Kd4
Ke6 47. Ke4 h4 48. f5+ Kf6 49. Kf4 1-0